01353nam a2200337 a 45000010008000000030009000080050017000170070008000340080041000420200018000830400022001012450211001232600042003343000028003764900031004044900027004355050101004626500051005636500027006146500039006416500024006806500044007046500050007487000039007987000041008377000020008787000036008987000027009348300027009618300027009880000342DO-SdBNP20180314095233.00000342150602s2008    dr a          000 0 spa d  z9789945171655  aBPMSUbspacBPMSU00aPan y canela 2 :bnivel inicial /cdirección editorial Luis Miguel Aguas Vanin ; coordinación editorial Cristina Amiama Espaillat ; ilustración Henry Cid, Montserrat Ubach Figueras, Edmundo Castillo.   aSanto Domingo :bEdiciones SM,c2008.  a 160 p.:bil. ;c23 cm.1 aProyecto de mundo abierto 1 aEducación en valores0 tMi colegio --tMi persona --tMi familia --tLos alimentos --tLos animales --tLas vacaciones /  aEDUCACIÓN PREESCOLARzREPÚBLICA DOMINICANA  aEDUCACIÓN DE NIÑOS  aEDUCACIÓN EN LA PRIMERA INFANCIA  aJARDINES INFANTILES  aEDUCACIÓN PREESCOLARxLIBROS DE TEXTO  aEDUCACIÓN PREESCOLARxESTUDIOS Y EJERCICIOS1 aAguas Vanin, Luis Migueledr. ed. 1 aAmiama Espaillat, Cristinaeed. rev.1 aCid, Henryeil.1 aUbach Figueras, Montserrateil.1 aCastillo, Edmundoeil. 0aProyecto mundo abierto 0aEducación en valores